000 00895caa a22002417a 4500
999 _c407980
_d407980
001 122001
003 UA-OsUOA
005 20200104223305.0
007 ta
008 20170407b un ||||| |||| 00| 0 ukr d
040 _aUA-OsUOA
_brus
_cUA-OsUOA
_dUA-OsUOA
041 _arus
080 _a908
090 _a908
_bК61
100 _aКолосова В.
245 _aИдеологические предпосылки деятельности острожского кружка: (Герасим Смотрицкий как редактор-полемист)
_cВ. Колосов
300 _aС. 84–90
650 7 _a908 Краєзнавство
_2UDC
773 0 _0374904
_9397436
_dМ. Наука 1985
_o72281
_tФедоровские чтения 1981
_w(UA-OsUOA) 87933
942 _cBKA
_2udc
955 _a1